[Event "Hamburg-ch Seniors 65+ op 26th"]
[Site "Hamburg"]
[Date "2019.11.18"]
[Round "8"]
[White "Schmeichel, Wolfgang"]
[Black "Hinke, Gerhard"]
[Result "1-0"]
[WhiteElo "1618"]
[BlackElo "1511"]
[PlyCount "126"]
[EventDate "2019.11.11"]
[EventType "swiss"]
[EventRounds "9"]
[EventCountry "GER"]
[SourceTitle "EXT 2022"]
[Source "ChessBase"]
[SourceDate "2021.10.06"]
[SourceVersion "1"]
[SourceVersionDate "2021.10.06"]
[SourceQuality "1"]

1. e4 e6 2. d4 d5 3. Nc3 dxe4 4. Nxe4 Nd7 5. Nf3 Ngf6 6. Bd3 b6 7. Nxf6+ Nxf6 8. Bg5 Bd7 9. Be4 Rc8 10. Ne5 Be7 11. Bxf6 Bxf6 12. Nc6 Bxc6 13. Bxc6+ Kf8 14. c3 Qd6 15. Qf3 Qe7 16. 0-0 g6 17. Rfe1 Bg5 18. d5 e5 19. Qe2 f6 20. Qa6 Kg7 21. Qxa7 h5 22. Rad1 Qd6 23. Qa4 f5 24. h4 Bf6 25. g3 Kh6 26. Qc2 Rhg8 27. Qd2+ Kh7 28. f4 exf4 29. Re6 Qc5+ 30. Kg2 Rcf8 31. Qxf4 Rg7 32. Qf2 Qxf2+ 33. Kxf2 g5 34. hxg5 Rxg5 35. d6 cxd6 36. Rdxd6 Kg7 37. Rd7+ Rf7 38. Kf3 Rg4 39. Rxf7+ Kxf7 40. Bd5 Kg7 41. Rxb6 Be5 42. Rb7+ Kh6 43. c4 Rxg3+ 44. Kf2 h4 45. b4 h3 46. Re7 Bb8 47. Re8 Bc7 48. Rh8+ Kg5 49. Rg8+ Kh4 50. Rxg3 Bxg3+ 51. Ke2 Be5 52. Kf3 Kg5 53. a4 Kf6 54. a5 Bc7 55. a6 Bb8 56. b5 Ba7 57. Kg3 Ke5 58. Kxh3 Kd6 59. Kg3 Kc7 60. Kf4 Kb6 61. Kxf5 Bb8 62. Ke6 Bc7 63. Kd7 Be5 1-0

[Event "Hamburg-ch Seniors 65+ op 26th"]
[Site "Hamburg"]
[Date "2019.11.14"]
[Round "4"]
[White "Hinke, Gerhard"]
[Black "Wilke, Wolfgang"]
[Result "1-0"]
[WhiteElo "1511"]
[BlackElo "1699"]
[PlyCount "83"]
[EventDate "2019.11.11"]
[EventType "swiss"]
[EventRounds "9"]
[EventCountry "GER"]
[SourceTitle "EXT 2022"]
[Source "ChessBase"]
[SourceDate "2021.10.06"]
[SourceVersion "1"]
[SourceVersionDate "2021.10.06"]
[SourceQuality "1"]

1. e4 d5 2. exd5 Nf6 3. d4 Nxd5 4. Nf3 Bg4 5. c3 e6 6. Bd3 Be7 7. Nbd2 Nd7 8. Qb3 Rb8 9. Qa4 a6 10. Ne5 Bf5 11. Nxd7 Qxd7 12. Qxd7+ Kxd7 13. Bxf5 exf5 14. 0-0 Bd6 15. Nf3 f6 16. Bd2 c6 17. c4 Ne7 18. Rfe1 Rbe8 19. a4 Nc8 20. a5 Re4 21. c5 Bc7 22. Bc3 Rhe8 23. g3 Ne7 24. Nd2 Rxe1+ 25. Rxe1 Nd5 26. Rxe8 Kxe8 27. Kf1 Nxc3 28. bxc3 Bxa5 29. Nb1 Kd7 30. Ke2 g5 31. h4 h5 32. f4 Bd8 33. Na3 b5 34. cxb6 Bxb6 35. fxg5 fxg5 36. hxg5 Bd8 37. g6 Bf6 38. Kf3 Ke6 39. Nc4 h4 40. gxh4 Bxh4 41. Ne5 Be1 42. g7 1-0

[Event "GER-ch Seniors 65"]
[Site "Hamburg"]
[Date "2018.07.27"]
[Round "7"]
[White "Hinke, Gerhard"]
[Black "Kuhnert, Werner Eberhard"]
[Result "1-0"]
[WhiteElo "1593"]
[BlackElo "1351"]
[PlyCount "29"]
[EventDate "2018.07.21"]
[EventType "swiss"]
[EventRounds "9"]
[EventCountry "GER"]
[SourceTitle "CBM 186 Extra"]
[Source "ChessBase"]
[SourceDate "2018.08.24"]
[SourceVersion "1"]
[SourceVersionDate "2018.08.24"]
[SourceQuality "1"]

1. e4 e5 2. Nf3 Nc6 3. Bc4 Be7 4. c3 d6 5. d4 Nb8 6. Qb3 Be6 7. Bxe6 fxe6 8. Qxe6 Qd7 9. Qb3 b6 10. dxe5 Qg4 11. 0-0 Na6 12. Qb5+ Qd7 13. Qxa6 Nh6 14. Qc4 Nf7 15. e6 1-0

[Event "GER-ch Seniors 65+ 30th"]
[Site "Hamburg"]
[Date "2018.07.23"]
[Round "3"]
[White "Hinke, Gerhard"]
[Black "Schleicher, Winfried"]
[Result "1-0"]
[WhiteElo "1593"]
[BlackElo "835"]
[PlyCount "91"]
[EventDate "2018.07.21"]
[EventType "swiss"]
[EventRounds "9"]
[EventCountry "GER"]
[SourceTitle "EXT 2020"]
[Source "ChessBase"]
[SourceDate "2019.10.17"]
[SourceVersion "1"]
[SourceVersionDate "2019.10.17"]
[SourceQuality "1"]

1. e4 g6 2. d4 b6 3. Nf3 Bg7 4. Nc3 e6 5. Bf4 Bb7 6. Bd3 d6 7. 0-0 Ne7 8. Re1 0-0 9. Qd2 Kh8 10. Rad1 Nbc6 11. Qe3 Nb4 12. Bh6 Ng8 13. Bxg7+ Kxg7 14. Bc4 Nxc2 15. Qd2 Nxe1 16. Qxe1 Bc8 17. Bb3 Re8 18. e5 d5 19. Qe3 h6 20. Rc1 a6 21. Ne2 f6 22. exf6+ Qxf6 23. Rxc7+ Re7 24. Rxe7+ Qxe7 25. Bc2 Bd7 26. Qd3 Be8 27. Ne5 Qg5 28. h4 Qf5 29. Qb3 Qf7 30. Nxf7 Bxf7 31. Qxb6 Rc8 32. Bd3 h5 33. Qxa6 Rb8 34. Qa3 Rc8 35. b4 Ne7 36. b5 Nf5 37. Bxf5 exf5 38. b6 Be8 39. Nf4 Bc6 40. Qe7+ Kh6 41. Qg5+ Kg7 42. Qxg6+ Kf8 43. Qxf5+ Ke7 44. Qxc8 Bd7 45. Qc7 Ke8 46. b7 1-0

[Event "Hamburg-ch Seniors 23rd"]
[Site "Hamburg"]
[Date "2016.11.09"]
[Round "8"]
[White "Hinke, Gerhard"]
[Black "Lipka, Werner"]
[Result "0-1"]
[WhiteElo "1557"]
[BlackElo "1262"]
[PlyCount "116"]
[EventDate "2016.11.02"]
[EventType "swiss"]
[EventRounds "9"]
[EventCountry "GER"]
[SourceTitle "EXT 2019"]
[Source "ChessBase"]
[SourceDate "2018.10.10"]
[SourceVersion "1"]
[SourceVersionDate "2018.10.10"]
[SourceQuality "1"]

1. e4 c5 2. d4 cxd4 3. c3 dxc3 4. Nxc3 Nc6 5. Nf3 d6 6. Bc4 Nf6 7. 0-0 e6 8. Qe2 Be7 9. Rd1 Bd7 10. Bf4 e5 11. Bg5 0-0 12. Nb5 Be6 13. Bxf6 Bxc4 14. Qxc4 Bxf6 15. Nxd6 Qb6 16. b3 g6 17. Rd2 Rad8 18. Rad1 a6 19. Qc3 Nd4 20. Nc4 Ne2+ 21. Rxe2 Rxd1+ 22. Re1 Rxe1+ 23. Qxe1 Qc7 24. g4 Rd8 25. Qe2 Bg7 26. Kg2 h6 27. Ne3 Bf8 28. Nd5 Qd6 29. h4 Be7 30. Qe3 Kh7 31. h5 g5 32. Nxe7 Qxe7 33. Qb6 Rd7 34. Qa5 f6 35. Qb6 Rd6 36. Qc5 b6 37. Qc8 Qe6 38. Qxa6 Qxg4+ 39. Kf1 Rd1+ 40. Ne1 Qh3+ 41. Ke2 Qxh5+ 42. f3 Rd6 43. Qb7+ Kg6 44. Qe7 Qh2+ 45. Kf1 Qh3+ 46. Ke2 Qe6 47. Qf8 Rd7 48. Nd3 Qf7 49. Qc8 Rc7 50. Qf5+ Kg7 51. Nb4 b5 52. Kf2 h5 53. Ke3 h4 54. Nd5 Rc2 55. a4 bxa4 56. bxa4 Qa7+ 57. Kd3 Rc6 58. Nc3 Qd4+ 0-1

[Event "Hamburg-ch Seniors 23rd"]
[Site "Hamburg"]
[Date "2016.11.02"]
[Round "1"]
[White "Lehr, Thomas"]
[Black "Hinke, Gerhard"]
[Result "1/2-1/2"]
[WhiteElo "1957"]
[BlackElo "1557"]
[PlyCount "59"]
[EventDate "2016.11.02"]
[EventType "swiss"]
[EventRounds "9"]
[EventCountry "GER"]
[SourceTitle "EXT 2019"]
[Source "ChessBase"]
[SourceDate "2018.10.10"]
[SourceVersion "1"]
[SourceVersionDate "2018.10.10"]
[SourceQuality "1"]

1. e4 e6 2. c4 d5 3. cxd5 exd5 4. Qb3 Nd7 5. exd5 Bd6 6. d4 Ngf6 7. Nc3 a6 8. Be2 0-0 9. Bf3 b5 10. Nge2 Nb6 11. g3 Bg4 12. Bxg4 Nxg4 13. 0-0 Re8 14. Bf4 Nf6 15. a3 Nc4 16. Qc2 Rb8 17. Rfe1 Qd7 18. Bg5 Be7 19. Bxf6 Bxf6 20. Ne4 Qf5 21. Nxf6+ Qxf6 22. b3 Nb6 23. Qxc7 Nxd5 24. Qa5 Re4 25. Nc3 Rxd4 26. Nxd5 Rxd5 27. Rad1 Rbd8 28. Qc3 Qd6 29. Qc6 g6 30. Qxd6 1/2-1/2

[Event "Lueneburg VMCG op B"]
[Site "Lueneburg"]
[Date "2016.07.08"]
[Round "7"]
[White "Baldauf, Karsten"]
[Black "Hinke, Gerhard"]
[Result "1-0"]
[WhiteElo "1642"]
[BlackElo "1538"]
[PlyCount "47"]
[EventDate "2016.07.01"]
[EventType "swiss"]
[EventRounds "7"]
[EventCountry "GER"]
[SourceTitle "EXT 2024"]
[Source "ChessBase"]
[SourceDate "2023.10.10"]
[SourceVersion "1"]
[SourceVersionDate "2023.10.10"]
[SourceQuality "1"]

1. c4 Nf6 2. Nc3 e6 3. g3 d5 4. cxd5 exd5 5. d4 c6 6. Bg2 Bf5 7. Nf3 Bb4 8. Bd2 0-0 9. 0-0 Bd6 10. Nh4 Bg4 11. Qc2 Qc8 12. e4 dxe4 13. Nxe4 Nxe4 14. Bxe4 f5 15. Bd3 g6 16. Bh6 Rf6 17. d5 c5 18. Rfe1 Nd7 19. Re6 Rxe6 20. dxe6 Ne5 21. Bc4 Be7 22. Re1 Nf3+ 23. Nxf3 Bxf3 24. Qc3 1-0